Les techniques ninja interdites dans l'univers de Naruto - Statistiques

Statistiques générales
  • Ce quiz a été pris 80 fois
  • Le résultat moyen est 3 sur 17
Statistiques - réponses
Techniques interdites dans Naruto % Correct
Multi Clonage
90%
Réincarnation des Ames
78%
Izanagi
25%
Izanami
22%
Rasen Shuriken
21%
Emprisonnement des Morts
12%
Marque Maudite de la Terre
7%
Marque Maudite du Ciel
7%
Création et renouveau suprêmes
4%
Kaléidoscope Hypnotique du Sharingan
4%
Fleur de Lotus Verso
3%
Akuta
1%
Crainte de la rancoeur de la Terre
1%
Double mort des serpents
1%
Enchevêtrement Scalaire des Parchemins
1%
Huit Portes
1%
Kinjutsu d'Iwa
1%
Aucun quiz correspondant
Distribution des résultats
% des personnes avec chaque résultat
Percentile par nombre de réponses
Votre historique - résultats
Vous n’avez pas pris ce quiz